000 00210nam a2200097Ia 4500
005 20251222114401.0
008 251222s1900||||xx |||||||||||||| ||spa||
082 _aDVD0070/D92
245 0 _aLas manos:
942 _cDVD
999 _c1643
_d1643